000 00386cam a2200157ua 4500
041 _aeng
_h
082 _a823.301
_bPRI/NA
100 _aPrishvin, M .
245 _aNature`s diary /
_cM Prishvin.
_hTextual Documents
250 _a1 /
_b.
260 _aMoscow :
_bForeign Language Publishing House ,
_c1963.
300 _a363 ; .
504 _a
942 _cBK
999 _c6970
_d6970